00719nam a2200217 i 4500003000900000005001700009008004100026040004300067041000800110082001900118245010000137264003900237300002300276336002200299337002400321338003300345546002000378650003600398651001000434856005700444EG-GICUC20260121101446.0251210s1916 uk ||||fr|||| 000 0 eng d aEG-GiCUCbengcEG-GiCUCdEG-GiCUCerda aeng04221a341.69bPR10aProblems Of The War ؛bPapers Read Before The Society In The Year 1915 /cThe Grotius Society. 1aLondon:b Sweet & Maxwell, c1916. a104 pages ;c24 cm 2rda contentatext 2rda mediaaComputer 2rda carrieraOnline Resource aText in English14aPublic international law2qrmak1 2qrmak40uhttps://fll.law.cu.edu.eg/fulltext/bks/B11-05500.pdf